La cancelación de la deuda externa y el nuevo orden económico internacional como única alternativa verdadera. Otros asuntos de interés político e histórico; texto completo de la entrevista concedida al periódico Excélsior de México

Salvato in:
Dettagli Bibliografici
Autore principale: Castro Ruz, Fidel
Natura: testo
Pubblicazione: La Habana: Editora Política
Tags: Aggiungi Tag
Nessun Tag, puoi essere il primo ad aggiungerne!!

MARC

LEADER 00000 a a2200000 04500
001 24099
003
040
090 |a 167900  
100 |a Castro Ruz, Fidel  
245 |a La cancelación de la deuda externa y el nuevo orden económico internacional como única alternativa verdadera. Otros asuntos de interés político e histórico; texto completo de la entrevista concedida al periódico Excélsior de México  
260 |a La Habana:   |b Editora Política  
300 |a 210 p.  
999 |c 11412  |d 11412